00438cam a2200169ua 45000010005000000080039000050400009000440410008000530820013000611000038000742450052001122500009001642600035001733000017002086530021002256530022002462590190330n ii |||gr||||Z||||||asm cMAIN aasm a491.4515 aGoswami, Goluk chandra ,eAuthor. aAsamiya varna prakashcby Golok Chandra Goswami a3rd. aGuahati:bBina Library,c2007. a256p:c23cm. aAssamese grammar aAssamese language